000 00339nam a22001577a 4500
003 SGT
020 _a1-25-900496-1
082 _a641
_bAND
100 _aANDREWS, SUDHIR
245 _aFOOD & BEVERAGE SERVICE
250 _a3RD
260 _aDELHI
_bMC GRAW HILL
_c2023
300 _a379
650 _aFOOD & BEVERAGE
942 _2ddc
_cBK
999 _c28601
_d28601